| 000 | 01062nam a2200277 a 4500 | ||
|---|---|---|---|
| 001 | 000021925 | ||
| 005 | 20200930011515.0 | ||
| 008 | 100914s1968 sp 000 0 spa d | ||
| 040 |
_aDO-SdBNP _bspa _cBNPHU |
||
| 041 | 1 | 7 |
_aspa _hger _2Código de idiomas MARC |
| 082 |
_a321.14 _bS355d |
||
| 100 | 1 |
_aSchmitt, Carl. _945499 |
|
| 240 | 1 | 0 |
_aDie diktatur. _lEspañol |
| 245 | 1 | 3 |
_aLa dictadura : _bdesde los comienzos del pensamiento moderno de la soberanía hasta la lucha de clases proletaria / _cCarl Schmitt ; traducción del alemán José Díaz García. |
| 260 |
_aMadrid, (España) : _bRevista de Occidente, _c1968. |
||
| 300 |
_a264 p. ; _c18 cm. |
||
| 490 | 1 |
_aBiblioteca de Política y Sociología. Minor _v3 |
|
| 534 |
_aVersión original : _tDie diktatur |
||
| 650 | 4 |
_aDictadura _945500 |
|
| 650 | 4 |
_aDictadura del proletariado _945501 |
|
| 650 | 4 |
_aFormas de gobierno _92772 |
|
| 650 | 4 |
_aTotalitarismo _94368 |
|
| 700 | 1 |
_aDíaz García, José, _etr. _945502 |
|
| 830 | 0 |
_aBiblioteca de Política y Sociología. _pMinor _v3 _945503 |
|
| 049 | _aBNGR | ||
| 999 |
_c21423 _d21423 |
||